| 000 | 01005nam a22002297a 4500 | ||
|---|---|---|---|
| 003 | OSt | ||
| 005 | 20260122195341.0 | ||
| 008 | 230409b ||||| |||| 00| 0 eng d | ||
| 040 | _cOst | ||
| 041 | _ashan | ||
| 082 | _a294.3657 | ||
| 245 |
_aမၢႆၵိုမ်းပီႊၵွၼ်းၶမ်းၵျွင်းလွႆၸေႃးတိဝဵင်းမိူင်းယၢင်း။ _cၸုမ်းၵေႃးပၵဝတ်ႉၵျွင်းလွႆၸေႃးတိ |
||
| 260 |
_aတႃႈၵုင်ႈ _bမွၵ်ႇၵူႇသွႆႈလႅင် _c2013 |
||
| 300 |
_a197 ၼႃႈ _bႁၢင်ႈ _c24 ၸိၼ်ႇထီႇ |
||
| 500 | _aS-SAT: Dr. Prof Sai Aung Tun | ||
| 500 | _aပပ်ႉၸဝ်ႈတႃႇၼႁင်းၶေႃ တွၵ်ႉတိူဝ်ႇၸၢႆးဢွင်ႇထုၼ်း။ | ||
| 650 |
_aၵျွင်းမုၼ်ၸဝ်ႈ _922846 |
||
| 942 | _cBK1 | ||
| 942 | _2ddc | ||
| 942 | _2ddc | ||
| 942 | _2ddc | ||
| 999 |
_c23815 _d23815 |
||